000 00355cam a22001337a 4500
008 180718b1985 xxu||||| |||| 00| 0 eng d
082 _aB142x54 J199w
100 _aJain, S.C.
245 _aWomen and technology
_cedited by S.C. jain
260 _aJaipur
_bRawat
_c1985
300 _a200p.
650 _aTechnology - India.
650 _aWomen, Rural - India
999 _c347017
_d347017